000 00418cam a22001097a 4500
008 180718b1979 xxu||||| |||| 00| 0 eng d
082 _aBA27068x5453 K45
245 _aReport on socio-economic survey of tribals in Kerala, 1976-78
_cby Bureau of Economics and Statistics, Kerala
260 _aTrivandrum
_bBureau of Economics and Statistics
_c1979
300 _a179+p.
700 _aKerala. Bureau of Economics and Statistics
999 _c489160
_d489160